000
00307pam a2200121 a 4500
020
_c
041
_h
100
_a
RAJESH GOPAL.,
_e
AUTHOR.
245
_a
Dymaics of Tiger Management in Priority Landscapes
_h
Textual Documents
260
_a
[s.l]:
_b
[NATRAJ PUBLISHERS.
300
_a
316.
930
_a
2750
999
_c
248601
_d
248601